| 000 | 02179cam a22005054i 4500 | ||
|---|---|---|---|
| 003 | PE-LiUPU | ||
| 005 | 20250731172853.0 | ||
| 008 | 150706s2005 xxua r 000 0 spa d | ||
| 020 |
_a9781422800331 _q(tapa dura) |
||
| 020 |
_a1422800334 _q(tapa dura) |
||
| 035 | _a(Sirsi) a162299 | ||
| 040 |
_aPE-LiUPU _bspa _cPE-LiUPU _erda |
||
| 049 | _aPRUA | ||
| 082 | 0 | 4 | _a253 W.292 |
| 082 | 0 | 4 |
_a253 _bW27 2005 |
| 100 | 1 |
_aWarren, Rick, _eautor. |
|
| 245 | 1 | 0 |
_aLiderazgo con propósito. _nVolumen 1 : _blecciones de liderazgo basadas en Nehemías / _cRick Warren. |
| 264 | 1 |
_aEE.UU : _bPurpose Driven Publishing, _c2005. |
|
| 300 |
_a262 páginas ; _c22 centimetros |
||
| 336 |
_atext _2rdacontent |
||
| 337 |
_aunmediated _2rdamedia |
||
| 338 |
_avolume _2rdacarrier |
||
| 505 | 0 | _aLa hechura de un líder -- La oración de un líder -- Los planes de un líder -- Cómo organiza el líder a otros -- Cómo organiza el líder un proyecto -- Como se enfrenta un líder a los se oponen -- Cómo resuelve un líder los conflictos -- Las tentaciones del liderazgo -- Los secretos de los éxitos -- Cómo los líderes mantienen sus éxitos -- Lo que se necesita para ser un gran líder -- Epilogo: como Nehemías lidero al estilo de Jesús, el líder de los lideres -- Citas bíblicas. | |
| 526 | _aSEG42 | ||
| 526 | _aSEG41 | ||
| 526 | _aSEG40 | ||
| 526 | _aSEG39 | ||
| 526 | _aP94 | ||
| 526 | _aP87 | ||
| 526 | _aP86 | ||
| 526 | _aP85 | ||
| 526 | _aP77 | ||
| 526 | _aP76 | ||
| 526 | _aP35 | ||
| 650 | 0 | 4 | _aLiderazgo. |
| 910 | _agl | ||
| 910 | _adbm | ||
| 942 |
_2ddc _cBK |
||
| 949 |
_a253 W27 2005 _wDEWEY _c1 _iFJ01566 _lCCODEBUJ1 _mBUJ _p10.80 _r0 _sY _tBOOK _u2016-08-25 _xBIBLIOTECA _zUNKNOWN _0COMPRA _o.STAFF. Colección General Juliaca |
||
| 949 |
_a253 W27 2005 _wDEWEY _c2 _iFJ09247 _lCCODEBUJ1 _mBUJ _p10.00 _r0 _sY _tBOOK _u2017-11-17 _xBIBLIOTECA _zUNKNOWN _0COMPRA _o.STAFF. Colección General Juliaca |
||
| 980 |
_81 _gALBERTO SANCHEZ Responsable de Automatización |
||
| 999 |
_c11270 _d11270 |
||